Belföldre és külföldre a dobozkészítő Ktsz. "bedolgozást" is megvalósít
Elmentve itt :
| Dokumentumtípus: | Cikk |
|---|---|
| Megjelent: |
1967-01-11
|
| Sorozat: | Délmagyarország
57 No. 9 |
| Kulcsszavak: | Papírfeldolgozó Ktsz., Dobozkészítés Szeged 1967, Könyvkötészet Szeged 1967 |
| Online Access: | http://dmarchiv.bibl.u-szeged.hu/65462 |
| LEADER | 00522nab a2200145 i 4500 | ||
|---|---|---|---|
| 001 | delm65462 | ||
| 005 | 20180927151326.0 | ||
| 008 | 180927s1967 hu o 0|| hun d | ||
| 040 | |a SZTE Délmagyarország Archívum |b hun | ||
| 041 | |a hun | ||
| 245 | 0 | 0 | |a Belföldre és külföldre |h [elektronikus dokumentum] : |b a dobozkészítő Ktsz. "bedolgozást" is megvalósít |
| 260 | |c 1967-01-11 | ||
| 300 | |a 5 | ||
| 490 | 0 | |a Délmagyarország |v 57 No. 9 | |
| 695 | |a Papírfeldolgozó Ktsz., Dobozkészítés Szeged 1967, Könyvkötészet Szeged 1967 | ||